Balassi Bálint prózája

Elmentve itt :
Bibliográfiai részletek
Szerző: Herlich Ilona
További közreműködők: nincs megadva (Témavezető)
Dokumentumtípus: Szakdolgozat
Megjelent: 1954
Tárgyszavak:
Online Access:http://diploma.bibl.u-szeged.hu/42004
LEADER 00549nta a2200169 i 4500
001 dipl42004
005 20230404151130.0
008 140510s1954 hu om 0|| hun d
040 |a SZTE Diploma Repozitórium  |b hun 
041 |a hun 
100 1 |a Herlich Ilona 
245 1 0 |a Balassi Bálint prózája  |h [elektronikus dokumentum] /  |c Ilona Herlich 
260 |c 1954 
650 4 |a Bölcsészettudományok 
650 4 |a Humanities 
700 1 |a nincs megadva  |e ths 
856 4 0 |u https://diploma.bibl.u-szeged.hu/id/eprint/42004/1/1954_herlich_ilona.pdf  |z Dokumentum-elérés